00529nam a22001697a 4500003000900000008004100009040007100050082001700121100002400138245002800162260004300190300002500233440003400258505001200292650002700304650002800331AR-CdUCM190304b ||||| |||| 00| 0 spa d aMUNICIPALIDAD PROVINCIAL DEL CUSCOcBIBLIOTECA MUNICIPAL DEL CUSCO a868.6 /bC46 aCela, Camilo José aLa Rueda de Los Ocios / aBarcelona - España :bMateu ;c1962. a335 páginas c18cm aColección Todo para Muchos  aNovela  aLiteratura Española  aLiteratura del siglo XX